000 00850nam a22002177a 4500
999 _c19923
_d19923
003 AR-CdUCM
008 190523b ||||| |||| 00| 0 spa d
020 _a84 - 313 - 0284 - 4
040 _aMUNICIPALIDAD PROVINCIAL DEL CUSCO
_cBIBLIOTECA MUNICIPAL DEL CUSCO
082 _a809 /
_bB81
100 _aBrajnovic, Luka
_941640
245 _aGrandes figuras de la literatura universal y otros ensayos /
260 _aEspaña :
_bNavarra,
_c1973.
300 _a594 páginas ;
_c23 cm.
505 _aContenido: Artismo, Utilitarismo y la libertad de creación -- La técnica literaria -- Los elementos permanentes de la creación poética -- El realismo y la obra de Balzac...
650 _aEl realismo
_932713
650 _aWilliam Shakespeare
_941641
650 _aCreaciones literarias
_941642
942 _2ddc
_cLIBROS
945 _aAndy
_d2019-05-23